Normal view
MARC view
- Fell, Robin.
Entry Personal Name
001 - CONTROL NUMBER
- control field: 20077
003 - CONTROL NUMBER IDENTIFIER
- control field: NUST
005 - DATE AND TIME OF LATEST TRANSACTION
- control field: 20190906071338.0
008 - FIXED-LENGTH DATA ELEMENTS
- fixed length control field: 190906|| aca||aabn | a|a d
040 ## - CATALOGING SOURCE
- Original cataloging agency: NUST
- Transcribing agency: NUST
100 ## - HEADING--PERSONAL NAME
- Personal name: Fell, Robin.
670 ## - SOURCE DATA FOUND
- Source citation: Work cat.: (NUST)0: Fell, Robin., Geotechnical engineering of dams /
